[Event "GER Pfingstopen U16"]
[Site "Playchess.com INT"]
[Date "2020.06.05"]
[Round "4"]
[White "Heilig, Tim Markus"]
[Black "Grozea, Nicolae Theodor"]
[Result "1-0"]
[WhiteElo "1620"]
[BlackElo "1534"]
[PlyCount "139"]
[EventDate "2020.06.05"]
[EventType "swiss (blitz)"]
[EventRounds "11"]
[EventCountry "GER"]
[SourceTitle "CBM 197 Extra"]
[Source "ChessBase"]
[SourceDate "2020.09.30"]
[SourceVersion "1"]
[SourceVersionDate "2020.09.30"]
[SourceQuality "1"]

1. d4 d5 2. c4 c6 3. Nc3 Nf6 4. Nf3 e6 5. a3 Nbd7 6. Bf4 c5 7. e3 cxd4 8. exd4 Nb6 9. Qc2 Nxc4 10. Bxc4 dxc4 11. Nb5 Qa5+ 12. Nc3 Be7 13. 0-0 0-0 14. Ne5 Bd6 15. Nxc4 Qh5 16. Nxd6 b6 17. Rfe1 Ba6 18. Qa4 Bd3 19. Rad1 Bg6 20. Re3 Rad8 21. Rh3 Qa5 22. Qxa5 bxa5 23. Rc1 Nh5 24. Ndb5 Nxf4 25. Rf3 Nd5 26. Nxd5 exd5 27. Rc5 Rc8 28. h3 Rxc5 29. dxc5 Rc8 30. Rc3 a6 31. Nd6 Rc6 32. Nb7 Rc7 33. Nxa5 Kf8 34. c6 Be4 35. f3 d4 36. Rc4 Bd3 37. Rxd4 Bb5 38. Rh4 Ke7 39. Rxh7 Bxc6 40. Rxg7 Kf6 41. Rh7 Kg6 42. Rh8 Bb5 43. Rh4 Rc2 44. Rg4+ Kf6 45. Rf4+ Ke7 46. Nb3 Rxb2 47. Nd4 Kf8 48. Nxb5 axb5 49. Rf5 b4 50. axb4 Rxb4 51. Kf2 Kg7 52. Kg3 Kg6 53. Rf4 Rxf4 54. Kxf4 f6 55. Kg4 f5+ 56. Kf4 Kf6 57. g4 fxg4 58. hxg4 Kg6 59. Ke5 Kg5 60. f4+ Kxg4 61. f5 Kg5 62. Ke6 Kh6 63. f6 Kh7 64. Ke7 Kg8 65. f7+ Kh8 66. f8Q+ Kh7 67. Qf5+ Kh6 68. Qg4 Kh7 69. Kf7 Kh8 70. Qg7# 1-0

[Event "GER Pfingstopen U12"]
[Site "Playchess.com INT"]
[Date "2020.06.02"]
[Round "8"]
[White "Grozea, Nicolae Theodor"]
[Black "Haug, Mara"]
[Result "0-1"]
[WhiteElo "1527"]
[BlackElo "1620"]
[PlyCount "126"]
[EventDate "2020.06.02"]
[EventType "swiss (blitz)"]
[EventRounds "11"]
[EventCountry "GER"]
[SourceTitle "CBM 197 Extra"]
[Source "ChessBase"]
[SourceDate "2020.09.30"]
[SourceVersion "1"]
[SourceVersionDate "2020.09.30"]
[SourceQuality "1"]

1. e4 c5 2. Nf3 Nc6 3. d4 cxd4 4. Nxd4 g6 5. Nc3 Bg7 6. Be3 Nf6 7. Be2 d6 8. 0-0 0-0 9. f4 Qc7 10. Bf3 Bd7 11. Bf2 a6 12. Re1 Qc8 13. Qd3 Ng4 14. Bxg4 Bxg4 15. h3 Bd7 16. e5 dxe5 17. fxe5 Nxe5 18. Qg3 f6 19. Rad1 Bf5 20. Nxf5 Qxf5 21. Nd5 Rf7 22. Nc7 Rc8 23. Nd5 Rxc2 24. Nc3 Rxb2 25. Rd8+ Bf8 26. Bd4 Kg7 27. Rf1 Qe6 28. Bxe5 Qxe5 29. Qxe5 fxe5 30. Rxf7+ Kxf7 31. Rd3 Bh6 32. Rf3+ Ke6 33. Na4 Rxa2 34. Nc5+ Kd5 35. Nxb7 Ra1+ 36. Kh2 Kc6 37. Nd8+ Kd6 38. Rd3+ Kc7 39. Ne6+ Kc6 40. Nd8+ Kb6 41. Rb3+ Kc5 42. Ne6+ Kc4 43. Rb7 Bf4+ 44. Nxf4 exf4 45. Rxe7 h5 46. Rg7 Ra2 47. Rxg6 f3 48. Kg1 Rxg2+ 49. Rxg2 fxg2 50. Kxg2 Kb3 51. Kg3 a5 52. Kf4 a4 53. Kg5 a3 54. Kxh5 a2 55. h4 a1Q 56. Kh6 Qh8+ 57. Kg5 Kc4 58. h5 Kd5 59. h6 Ke6 60. Kg6 Ke7 61. h7 Ke6 62. Kh6 Kf5 63. Kh5 Qxh7# 0-1

[Event "GER-ch U18 sf Berlin Online"]
[Site "Playchess.com INT"]
[Date "2020.05.01"]
[Round "12"]
[White "Grozea, Nicolae Theodor"]
[Black "Mueller, Anker"]
[Result "1-0"]
[WhiteElo "1620"]
[BlackElo "1364"]
[PlyCount "99"]
[EventDate "2020.05.01"]
[EventType "swiss (blitz)"]
[EventRounds "13"]
[EventCountry "GER"]
[SourceTitle "CBM 195 Extra"]
[Source "ChessBase"]
[SourceDate "2020.05.31"]
[SourceVersion "1"]
[SourceVersionDate "2020.05.31"]
[SourceQuality "1"]

1. e4 Nc6 2. d4 d6 3. Nf3 e6 4. Nc3 Nf6 5. Bf4 g6 6. Bc4 Bg7 7. 0-0 0-0 8. Bg5 b6 9. e5 dxe5 10. Nxe5 Qxd4 11. Nxc6 Qd6 12. Qxd6 cxd6 13. Ne7+ Kh8 14. Nxc8 Raxc8 15. Bb3 d5 16. Rad1 Ne4 17. Nxe4 dxe4 18. c3 h6 19. Be7 Rfe8 20. Rd7 a5 21. Rfd1 Bf8 22. Rd8 Rexd8 23. Rxd8 Rxd8 24. Bxd8 Bc5 25. Bc2 f5 26. g3 Kg7 27. Kf1 g5 28. a3 Kg6 29. b4 axb4 30. axb4 Bd6 31. Bxb6 Kh5 32. Ba4 f4 33. Be8+ Kg4 34. Kg1 f3 35. Bg6 Be5 36. c4 Bc3 37. b5 h5 38. Be3 h4 39. b6 Ba5 40. b7 Bc7 41. c5 h3 42. c6 e5 43. Bxe4 Bd6 44. Bc5 Be7 45. Bxe7 Kh5 46. b8Q Kg4 47. Qf8 Kh5 48. Qh8+ Kg4 49. Qg7 Kh5 50. Qxg5# 1-0

[Event "GER-ch U18 sf Berlin Online"]
[Site "Playchess.com INT"]
[Date "2020.05.01"]
[Round "7"]
[White "Kuhn, Alexander"]
[Black "Grozea, Nicolae Theodor"]
[Result "0-1"]
[WhiteElo "1620"]
[BlackElo "1620"]
[PlyCount "44"]
[EventDate "2020.05.01"]
[EventType "swiss (blitz)"]
[EventRounds "13"]
[EventCountry "GER"]
[SourceTitle "CBM 195 Extra"]
[Source "ChessBase"]
[SourceDate "2020.05.31"]
[SourceVersion "1"]
[SourceVersionDate "2020.05.31"]
[SourceQuality "1"]

1. e3 e5 2. Qe2 d5 3. Nc3 Nf6 4. d4 Nc6 5. h4 Bf5 6. e4 Nxe4 7. Nxe4 Bxe4 8. c4 Nxd4 9. Qd2 Nc2+ 10. Kd1 Nxa1 11. Nh3 Nc2 12. b4 Bxb4 13. Bb2 Bxd2 14. Kxd2 Nb4 15. Ba3 dxc4+ 16. Kc3 Qd3+ 17. Kxb4 a5+ 18. Ka4 Qc2+ 19. Kb5 Kd7 20. Ng5 c6+ 21. Kc5 Qxf2+ 22. Kxc4 Qc2# 0-1

[Event "GER-ch U25-C"]
[Site "Willingen"]
[Date "2018.05.24"]
[Round "7"]
[White "Grozea, Nicolae Theodor"]
[Black "Ahrens, Merle"]
[Result "0-1"]
[WhiteElo "972"]
[BlackElo "1008"]
[PlyCount "98"]
[EventDate "2018.05.19"]
[EventType "swiss"]
[EventRounds "9"]
[EventCountry "GER"]
[SourceTitle "CBM 184 Extra"]
[Source "ChessBase"]
[SourceDate "2018.06.28"]
[SourceVersion "1"]
[SourceVersionDate "2018.06.28"]
[SourceQuality "1"]

1. e4 e5 2. Nf3 Nc6 3. Nc3 Bc5 4. Nxe5 Nxe5 5. d4 Bxd4 6. Qxd4 d6 7. Bc4 c5 8. Bb5+ Kf8 9. Qa4 Nf6 10. Bf4 Qe7 11. 0-0-0 h6 12. Rd2 Kg8 13. Rhd1 Kh7 14. Rxd6 b6 15. Rxb6 axb6 16. Qxa8 Bg4 17. Qa6 Bxd1 18. Kxd1 Neg4 19. f3 Rd8+ 20. Kc1 Ne5 21. Qxb6 Rd6 22. Qxc5 Rd1+ 23. Kxd1 Qxc5 24. a4 Nc4 25. Kc1 Qg1+ 26. Nd1 Nxb2 27. Kxb2 Qxd1 28. a5 Qd8 29. a6 Qb6 30. c4 g5 31. Be5 Kg7 32. Kc3 h5 33. Bd4 Qa5+ 34. Kd3 Kg6 35. a7 Qa3+ 36. Kc2 Qa2+ 37. Kc1 Qa3+ 38. Kb1 Qd3+ 39. Ka2 Qxd4 40. a8Q Qf2+ 41. Kb3 Qxg2 42. e5 g4 43. exf6 gxf3 44. c5 Qh3 45. Qg8+ Kxf6 46. Qg1 f2+ 47. Ka4 fxg1Q 48. c6 Qa1+ 49. Kb4 Qhc3# 0-1

[Event "GER-ch U25-C"]
[Site "Willingen"]
[Date "2018.05.21"]
[Round "3"]
[White "Butenandt, Albrecht"]
[Black "Grozea, Nicolae Theodor"]
[Result "1-0"]
[WhiteElo "1144"]
[BlackElo "972"]
[PlyCount "71"]
[EventDate "2018.05.19"]
[EventType "swiss"]
[EventRounds "9"]
[EventCountry "GER"]
[SourceTitle "CBM 184 Extra"]
[Source "ChessBase"]
[SourceDate "2018.06.28"]
[SourceVersion "1"]
[SourceVersionDate "2018.06.28"]
[SourceQuality "1"]

1. e4 e5 2. Nf3 Nc6 3. Nc3 Nf6 4. d4 exd4 5. Nxd4 Nxd4 6. Qxd4 b6 7. e5 Bc5 8. Qf4 Nh5 9. Qf3 c6 10. Qxh5 d5 11. exd6 Qxd6 12. Bc4 Be6 13. Bxe6 Qxe6+ 14. Qe2 0-0 15. Qxe6 fxe6 16. Rf1 Bb4 17. Bd2 Rad8 18. a3 Bd6 19. Rd1 Bxh2 20. g3 Rf5 21. Rh1 Rh5 22. Ne2 Rf8 23. Nf4 Rh6 24. Kf1 e5 25. Nd3 Bxg3 26. Bxh6 gxh6 27. Rxh6 e4 28. Nb4 Rxf2+ 29. Kg1 e3 30. Rf1 e2 31. Re1 Kf7 32. Rxh7+ Ke6 33. Rh3 Rg2+ 34. Kxg2 Bxe1 35. Re3+ Kf5 36. Rxe2 1-0

[Event "GER-ch U25-C"]
[Site "Willingen"]
[Date "2018.05.20"]
[Round "1"]
[White "Reyher, Bastian"]
[Black "Grozea, Nicolae Theodor"]
[Result "0-1"]
[WhiteElo "1175"]
[BlackElo "972"]
[PlyCount "72"]
[EventDate "2018.05.19"]
[EventType "swiss"]
[EventRounds "9"]
[EventCountry "GER"]
[SourceTitle "CBM 184 Extra"]
[Source "ChessBase"]
[SourceDate "2018.06.28"]
[SourceVersion "1"]
[SourceVersionDate "2018.06.28"]
[SourceQuality "1"]

1. e4 e5 2. Nf3 Nc6 3. Bc4 Nf6 4. d3 d5 5. exd5 Nxd5 6. Be3 Bg4 7. Bxd5 Qxd5 8. Nc3 Qe6 9. Qd2 Bxf3 10. gxf3 Bb4 11. a3 Ba5 12. 0-0-0 0-0-0 13. f4 Ne7 14. fxe5 Qxe5 15. b4 Bb6 16. Bf4 Qf6 17. Rhf1 Bd4 18. Ne4 Qe6 19. c4 f5 20. Nc5 Bxc5 21. bxc5 Nc6 22. Rfe1 Qf6 23. Kc2 h6 24. Re3 Nd4+ 25. Kb2 Nf3+ 26. Be5 Nxe5 27. Ka2 Nxc4 28. dxc4 Rxd2+ 29. Rxd2 Rd8 30. Rde2 Rd1 31. Re8+ Rd8 32. Kb3 Rxe8 33. Rxe8+ Kd7 34. Rb8 b6 35. Rb7 a5 36. Ka4 Qc6+ 0-1